[Event "27.Bayer.Senioren-EM2015"]
[Site ""]
[Date "2015.06.15"]
[Round "8.14"]
[White "Maugg, Ludwig"]
[Black "Zehfuss, Helmut"]
[Result "1/2-1/2"]
[WhiteElo "1881"]
[BlackElo "1716"]
[PlyCount "31"]
[EventDate "2015.??.??"]
[WhiteTeam "SC Sonthofen"]
[BlackTeam "SG Traunstein/Traunreut"]

1. d4 Nf6 2. c4 g6 3. Nc3 Bg7 4. e4 d6 5. f4 O-O 6. Nf3 Nbd7 7. Bd3 e5 8. fxe5
dxe5 9. d5 Ne8 10. Be3 b6 11. O-O Qe7 12. a3 a5 13. Rb1 h6 14. b4 axb4 15. axb4
f5 16. Nb5 1/2-1/2

[Event "27.Bayer.Senioren-EM2015"]
[Site ""]
[Date "2015.06.15"]
[Round "8.15"]
[White "Wittkugel, Friedhelm"]
[Black "Neubauer, Jaroslaus"]
[Result "1/2-1/2"]
[WhiteElo "1768"]
[BlackElo "1858"]
[PlyCount "89"]
[EventDate "2015.??.??"]
[WhiteTeam "SV Kamen"]
[BlackTeam "SK Schweinfurt"]

1. e4 e5 2. Nf3 Nc6 3. Bb5 a6 4. Bxc6 dxc6 5. h3 Qd6 6. b3 Qg6 7. Qe2 f6 8. Rg1
h5 9. d3 h4 10. Bb2 Bd7 11. Nbd2 O-O-O 12. O-O-O c5 13. g4 hxg3 14. Rxg3 Qf7
15. h4 Ne7 16. Rdg1 Nc6 17. Nc4 Nd4 18. Qd1 Qh5 19. Ncd2 a5 20. a4 Bc6 21. Qf1
b5 22. axb5 Bxb5 23. Kb1 Kb7 24. c4 Bc6 25. Nxd4 cxd4 26. c5 Bb5 27. Qc1 Qe8
28. Nc4 Bxc4 29. Qxc4 Qc6 30. Ba3 Ra8 31. Rg4 Rd8 32. f4 exf4 33. Rxf4 Rh5 34.
Rc1 Re5 35. b4 axb4 36. Qxb4+ Ka6 37. Rc4 Qb5 38. Qxb5+ Kxb5 39. Rg4 Kc6 40.
Kc2 g5 41. hxg5 Rxg5 42. Rf4 Be7 43. Rf2 f5 44. exf5 Rd5 45. f6 1/2-1/2

[Event "27.Bayer.Senioren-EM2015"]
[Site ""]
[Date "2015.06.15"]
[Round "8.16"]
[White "Koenigl, Anton"]
[Black "Hein, Manfred"]
[Result "0-1"]
[WhiteElo "1767"]
[BlackElo "1850"]
[PlyCount "110"]
[EventDate "2015.??.??"]
[WhiteTeam "FC Ergolding"]
[BlackTeam "FC Gunzenhausen"]

1. e4 e5 2. Nf3 Nc6 3. d4 exd4 4. Bc4 Bb4+ 5. c3 dxc3 6. bxc3 Ba5 7. Qb3 Qe7 8.
O-O Nh6 9. Ba3 d6 10. Nbd2 O-O 11. Rac1 Bb6 12. Qc2 Ng4 13. Bd5 Bd7 14. Bb2
Rab8 15. a3 Kh8 16. h3 Nge5 17. Bxc6 Bxc6 18. Nxe5 Qxe5 19. c4 Qe7 20. Qc3 f6
21. Qd3 Rbe8 22. Rfe1 Qf7 23. Kf1 Qg6 24. Re2 Re7 25. Bc3 Rfe8 26. f3 Qg3 27.
Nb3 Qf4 28. Bd2 Qe5 29. Rce1 Ba4 30. Be3 Bxe3 31. Rxe3 Bxb3 32. Qxb3 b6 33. Qd3
a5 34. Kf2 g6 35. R1e2 Kg7 36. Qd5 g5 37. Qd3 Qc5 38. Qd5 Re5 39. Qxc5 Rxc5 40.
Rc3 b5 41. Rb3 bxc4 42. Rc3 c6 43. Rd2 d5 44. Rd4 Rb8 45. Rd2 Rb3 46. Rdc2 Rxc3
47. Rxc3 d4 48. Rc1 Kf7 49. a4 Ke6 50. g3 Kd6 51. Ke2 Ke5 52. Rb1 c3 53. Kd3 c2
54. Rc1 Rc3+ 55. Kd2 c5 0-1

[Event "27.Bayer.Senioren-EM2015"]
[Site ""]
[Date "2015.06.15"]
[Round "8.17"]
[White "Knollmueller, Peter"]
[Black "Boldt, Heinrich"]
[Result "1/2-1/2"]
[WhiteElo "1838"]
[BlackElo "1682"]
[PlyCount "66"]
[EventDate "2015.??.??"]
[WhiteTeam "SK Töging"]
[BlackTeam "TSV Kareth-Lappersdorf"]

1. d4 c6 2. c4 d6 3. Nf3 Qc7 4. Bf4 Nf6 5. h3 Ne4 6. e3 Qa5+ 7. Nbd2 Nxd2 8.
Nxd2 Nd7 9. a3 e5 10. b4 Qd8 11. Bg3 g6 12. Be2 Bg7 13. Nf3 O-O 14. O-O a5 15.
Qc2 Qf6 16. Bh4 Qe6 17. Ng5 Qe7 18. Nf3 Bf6 19. Bg3 axb4 20. axb4 Rxa1 21. Rxa1
exd4 22. exd4 c5 23. bxc5 dxc5 24. Rd1 Re8 25. Bf1 cxd4 26. Nxd4 Qe4 27. Qxe4
Rxe4 28. Nb5 Nb6 29. c5 Nc4 30. f3 Nb2 31. Nd6 Nxd1 32. Nxe4 Bd4+ 33. Kh2 Be6
1/2-1/2

[Event "27.Bayer.Senioren-EM2015"]
[Site ""]
[Date "2015.06.15"]
[Round "8.18"]
[White "Duerr, Rainer"]
[Black "Klueber, Werner"]
[Result "1/2-1/2"]
[WhiteElo "1816"]
[BlackElo "1740"]
[PlyCount "38"]
[EventDate "2015.??.??"]
[WhiteTeam "SC Prien"]
[BlackTeam "SC Prichsenstadt"]

1. d4 Nf6 2. Nf3 g6 3. Bg5 Bg7 4. Nbd2 d5 5. e3 O-O 6. Bd3 Nbd7 7. c3 b6 8. O-O
Bb7 9. a4 a5 10. Ne5 Ne4 11. Nxd7 Qxd7 12. Bf4 Nxd2 13. Qxd2 Rac8 14. b4 axb4
15. cxb4 c5 16. bxc5 bxc5 17. Bb5 Bc6 18. Bxc6 Qxc6 19. Ra2 c4 1/2-1/2

[Event "27.Bayer.Senioren-EM2015"]
[Site ""]
[Date "2015.06.15"]
[Round "8.19"]
[White "Leuschner, Guenter"]
[Black "Bilyavskyy, Borys"]
[Result "1-0"]
[WhiteElo "1757"]
[BlackElo "1807"]
[PlyCount "85"]
[EventDate "2015.??.??"]
[WhiteTeam "SW Nürnberg Süd"]
[BlackTeam "FC Ergolding"]

1. d4 f5 2. g3 Nf6 3. Bg2 e6 4. Nf3 d5 5. O-O Be7 6. c4 c6 7. b3 O-O 8. Qc2 Qe8
9. Nbd2 Qh5 10. Ne5 Nbd7 11. Bf3 Qh3 12. Bg2 Qh5 13. Ndf3 h6 14. Nh4 Nxe5 15.
dxe5 Ng4 16. Nf3 f4 17. gxf4 Bd7 18. h3 Be8 19. hxg4 Qxg4 20. Nh2 Qh4 21. Qd3
Qh5 22. Bh3 Bf7 23. Qg3 Qxe2 24. f5 exf5 25. Bxh6 g6 26. Bxf5 Qh5 27. Bxf8 Kxf8
28. Bg4 Qh6 29. e6 Be8 30. Nf3 Rd8 31. Kg2 Bd6 32. Ne5 Qg7 33. Rae1 dxc4 34.
bxc4 Kg8 35. f4 c5 36. Bf3 g5 37. Bd5 Be7 38. fxg5 Bc6 39. Rf7 Qxg5 40. Rxe7
Qxg3+ 41. Kxg3 Bxd5 42. cxd5 Rxd5 43. Rd7 1-0

[Event "27.Bayer.Senioren-EM2015"]
[Site ""]
[Date "2015.06.15"]
[Round "8.20"]
[White "Reimann, Guenther"]
[Black "Aigner, Georg"]
[Result "1-0"]
[WhiteElo "1803"]
[BlackElo "1725"]
[PlyCount "111"]
[EventDate "2015.??.??"]
[WhiteTeam "SC Magstadt"]
[BlackTeam "SC Taufkirchen"]

1. c4 Nf6 2. Nf3 c6 3. d3 d5 4. Nbd2 Nbd7 5. g3 e5 6. Qc2 Bb4 7. Bg2 e4 8. dxe4
dxe4 9. Ng5 e3 10. fxe3 O-O 11. a3 Bxd2+ 12. Bxd2 h6 13. Ne4 Nxe4 14. Bxe4 Nf6
15. Bf5 Bxf5 16. Qxf5 Re8 17. O-O-O Qe7 18. Rhf1 Qe4 19. Rf4 Qxf5 20. Rxf5 Ng4
21. Rf4 h5 22. h3 Nxe3 23. Bxe3 Rxe3 24. Rd7 f6 25. Rxb7 Rxg3 26. Rf3 h4 27.
Rc7 Re8 28. Kd2 Rg2 29. Re3 Rxe3 30. Kxe3 Rg3+ 31. Kf2 Rxh3 32. Rxc6 Rb3 33.
Ra6 Rxb2 34. Rxa7 Rc2 35. Ra4 g5 36. Kf3 Kg7 37. c5 Rxc5 38. Rd4 Kg6 39. a4 f5
40. Rd6+ Kf7 41. Rd7+ Kf6 42. e3 g4+ 43. Kf4 Ke6 44. Rd4 Re5 45. Rb4 Re4+ 46.
Rxe4+ fxe4 47. Kxg4 Kd5 48. Kxh4 Kc4 49. Kg4 Kb4 50. Kf4 Kxa4 51. Kxe4 Kb5 52.
Kd5 Kb6 53. Kd6 Kb7 54. Kd7 Kb6 55. e4 Kc5 56. e5 1-0

[Event "27.Bayer.Senioren-EM2015"]
[Site ""]
[Date "2015.06.15"]
[Round "8.21"]
[White "Willin, Bernhard"]
[Black "Zschorsch, Peter"]
[Result "1/2-1/2"]
[WhiteElo "1691"]
[BlackElo "1772"]
[PlyCount "71"]
[EventDate "2015.??.??"]
[WhiteTeam "SC Horben"]
[BlackTeam "Karlsruher SF"]

1. Nf3 Nf6 2. c4 d6 3. Nc3 Bg4 4. h3 Bxf3 5. exf3 g6 6. d4 Bg7 7. Be3 O-O 8.
Be2 Nbd7 9. O-O c6 10. Qc2 Rc8 11. Rad1 d5 12. Rfe1 b6 13. Qb3 e6 14. Bf4 Nb8
15. Bf1 Nh5 16. Bh2 Re8 17. c5 Bf8 18. Qa3 a5 19. b4 axb4 20. Qxb4 b5 21. Ne2
Na6 22. Qd2 Ra8 23. Nc1 Re7 24. Bd3 Rea7 25. Bb1 Nc7 26. Be5 Ne8 27. g4 Nhf6
28. Kg2 Nd7 29. Bg3 Bg7 30. h4 Ra4 31. Nb3 Nf8 32. Re2 f5 33. g5 Bh8 34. Qe3
Ng7 35. Bd6 R8a7 36. Rd3 1/2-1/2

[Event "27.Bayer.Senioren-EM2015"]
[Site ""]
[Date "2015.06.15"]
[Round "8.22"]
[White "Kalkmann, Hans"]
[Black "Harke, Horst"]
[Result "0-1"]
[WhiteElo "1859"]
[BlackElo "1664"]
[PlyCount "88"]
[EventDate "2015.??.??"]
[WhiteTeam "SC Springer St.Tönis"]
[BlackTeam "SK Varel"]

1. d4 d5 2. Nf3 c6 3. g3 Nf6 4. Bg2 h6 5. O-O Bg4 6. b3 Qc8 7. Bb2 Bh3 8. Ne5
Bxg2 9. Kxg2 Ng4 10. Nxg4 Qxg4 11. e3 Qxd1 12. Rxd1 e6 13. Nd2 Nd7 14. c4 Bd6
15. Rac1 O-O 16. e4 Bb4 17. exd5 Bxd2 18. Rxd2 exd5 19. cxd5 cxd5 20. Rc7 Rfd8
21. Rxb7 Nf6 22. f3 Rd7 23. Rxd7 Nxd7 24. Rc2 a5 25. Rc7 Nf6 26. Ba3 a4 27. Be7
Ne8 28. Rc2 axb3 29. axb3 Ra7 30. Bc5 Rb7 31. b4 Nc7 32. Ra2 Nb5 33. Ra8+ Kh7
34. Kf2 Nc7 35. Ra7 Rxa7 36. Bxa7 Kg6 37. Ke3 Kf5 38. Kd3 h5 39. Kc3 Nb5+ 40.
Kb3 Nxa7 41. Ka4 Ke6 42. b5 Kd6 43. Ka5 Nc8 44. Ka6 Kc7 0-1

[Event "27.Bayer.Senioren-EM2015"]
[Site ""]
[Date "2015.06.15"]
[Round "8.23"]
[White "Walch, Roger"]
[Black "Abel, Hans-Peter"]
[Result "0-1"]
[WhiteElo "1666"]
[BlackElo "1795"]
[PlyCount "102"]
[EventDate "2015.??.??"]
[WhiteTeam "SW Nürnberg Süd"]
[BlackTeam "SC Leinfelden"]

1. e4 c5 2. Nf3 d6 3. d4 cxd4 4. Nxd4 Nf6 5. Nc3 g6 6. f3 Bg7 7. Be3 O-O 8. Qd2
Nc6 9. Bc4 Bd7 10. a3 a6 11. Ba2 Rc8 12. Rc1 Qa5 13. Nb3 Qh5 14. O-O Ne5 15.
Nd4 Nc4 16. Bxc4 Rxc4 17. b3 Rc7 18. Nce2 Bb5 19. c4 Bc6 20. Ng3 Qe5 21. b4 Ne8
22. f4 Qf6 23. f5 Qe5 24. Qd3 Ba4 25. Nf3 Qb2 26. Rf2 Qb3 27. Qxb3 Bxb3 28. Nd2
Ba4 29. Ne2 Nf6 30. h3 Bc6 31. Bb6 Rcc8 32. Nc3 Bh6 33. Re1 Nd7 34. Bd4 Ne5 35.
Bxe5 dxe5 36. Nf3 Bf4 37. Rd1 Rfd8 38. Re2 Rxd1+ 39. Nxd1 Rd8 40. Nb2 g5 41.
Kf2 f6 42. c5 Bc1 43. Nc4 Rd3 44. Re1 Rc3 45. Ncxe5 fxe5 46. Nxe5 Bxa3 47. Nxc6
bxc6 48. Rb1 Rc4 49. Ra1 Bxb4 50. Rxa6 Bxc5+ 51. Kf3 Bd6 0-1

[Event "27.Bayer.Senioren-EM2015"]
[Site ""]
[Date "2015.06.15"]
[Round "8.24"]
[White "Zerweck, Christoph"]
[Black "Riegler, Markus"]
[Result "0-1"]
[WhiteElo "1779"]
[BlackElo "1609"]
[PlyCount "82"]
[EventDate "2015.??.??"]
[WhiteTeam "SV Herrenberg"]
[BlackTeam "SK Mannheim-Lindenhof"]

1. d4 Nf6 2. Bg5 Ne4 3. Bf4 d5 4. Nd2 Bf5 5. Ngf3 e6 6. Nxe4 dxe4 7. Ne5 h5 8.
Nc4 Be7 9. h3 c6 10. c3 b5 11. Nd2 Nd7 12. e3 Nb6 13. Be2 h4 14. f3 Nd5 15.
fxe4 Nxf4 16. exf4 Bg6 17. b4 a5 18. a3 axb4 19. axb4 Rxa1 20. Qxa1 O-O 21. O-O
Qb6 22. Qa3 Rb8 23. Ra1 Qb7 24. Qa5 Qc8 25. e5 f6 26. Qa7 Rb7 27. Qa5 Qd7 28.
Bf3 fxe5 29. fxe5 Bg5 30. Ne4 Bxe4 31. Bxe4 Rc7 32. Qa2 Rc8 33. Qe2 Qf7 34. Ra6
Qe8 35. Ra7 Ra8 36. Qa2 Rxa7 37. Qxa7 Be3+ 38. Kh2 Qf8 39. Bf3 Qf5 40. Qb8+ Kh7
41. Qa7 Qb1 0-1

[Event "27.Bayer.Senioren-EM2015"]
[Site ""]
[Date "2015.06.15"]
[Round "8.25"]
[White "Braeu, Ludwig"]
[Black "Oser, Thor"]
[Result "1-0"]
[WhiteElo "1733"]
[BlackElo "1638"]
[PlyCount "75"]
[EventDate "2015.??.??"]
[WhiteTeam "SK Marktoberdorf"]
[BlackTeam "SK Jöhlingen"]

1. c4 e5 2. g3 c6 3. d4 exd4 4. Qxd4 Nf6 5. Bg2 d6 6. Nc3 Be7 7. e4 O-O 8. Nge2
Nbd7 9. O-O Ne5 10. b3 Ng6 11. h3 Bd7 12. Be3 Qc8 13. Kh2 h6 14. Rac1 Rd8 15.
Qd2 Nh7 16. Nd4 Ng5 17. h4 Nh7 18. Qc2 Ne5 19. Kg1 Bh3 20. Nf5 Bxf5 21. exf5
Nf6 22. Rfd1 Qc7 23. Qe2 Qc8 24. Bh3 Qc7 25. Bf4 Kh7 26. g4 Ng8 27. g5 f6 28.
Qh5 Bf8 29. Kh2 Kh8 30. Bxe5 dxe5 31. Ne4 b6 32. Rg1 Rd7 33. Rg2 Rad8 34. gxh6
Nxh6 35. Rcg1 Rd1 36. Qxh6+ gxh6 37. Rg8+ Kh7 38. Nxf6# 1-0

[Event "27.Bayer.Senioren-EM2015"]
[Site ""]
[Date "2015.06.15"]
[Round "8.26"]
[White "Mahrla, Hans"]
[Black "Perzl, Michael"]
[Result "1-0"]
[WhiteElo "1647"]
[BlackElo "1713"]
[PlyCount "59"]
[EventDate "2015.??.??"]
[WhiteTeam "SC Eichenau"]
[BlackTeam "TSV Trostberg"]

1. e4 c5 2. f4 Nc6 3. Nf3 g6 4. d3 Bg7 5. Be3 d6 6. c3 Nf6 7. Be2 O-O 8. Nbd2
Ng4 9. Bg1 Qc7 10. h3 Nf6 11. Bh2 a6 12. O-O Qb6 13. Nc4 Qa7 14. Ne3 b5 15. e5
dxe5 16. fxe5 Nd7 17. d4 e6 18. Ng4 h5 19. Nf6+ Nxf6 20. exf6 Bxf6 21. Bd6 Be7
22. Bg3 cxd4 23. cxd4 Nb4 24. a3 Nd5 25. Qd2 Bb7 26. Qh6 Bf6 27. Be5 Bxe5 28.
Ng5 Qxd4+ 29. Kh1 Nf6 30. Rxf6 1-0

[Event "27.Bayer.Senioren-EM2015"]
[Site ""]
[Date "2015.06.15"]
[Round "8.27"]
[White "Baumgartner, Andreas"]
[Black "Malik, Heinz"]
[Result "1-0"]
[WhiteElo "1677"]
[BlackElo "1609"]
[PlyCount "97"]
[EventDate "2015.??.??"]
[WhiteTeam "ASV J'Adoube Grassau"]
[BlackTeam "SK Großweil"]

1. d4 Nf6 2. c4 e6 3. Nc3 b6 4. Nf3 Bb7 5. e3 c5 6. Be2 Be7 7. O-O O-O 8. b3 d5
9. Bb2 cxd4 10. Nxd4 Nc6 11. Nxc6 Bxc6 12. Bf3 Rc8 13. cxd5 Nxd5 14. Nxd5 Bxd5
15. Bxd5 Qxd5 16. Qxd5 exd5 17. Rfd1 Rfd8 18. Rac1 f6 19. g3 Rxc1 20. Rxc1 Rd7
21. Rd1 Kf7 22. g4 g5 23. Kg2 Ke6 24. Rc1 Bd6 25. h3 Rc7 26. Rxc7 Bxc7 27. Kf3
f5 28. Ke2 f4 29. Kf3 b5 30. exf4 Bxf4 31. h4 Bd2 32. hxg5 Bxg5 33. Bd4 a6 34.
Ke2 Bf4 35. Be3 Bc7 36. f4 Bd6 37. Kd3 Bc7 38. Kc3 Bd8 39. Kb4 Be7+ 40. Ka5 Bf6
41. Kxa6 d4 42. Bd2 b4 43. Kb5 Kd5 44. Kxb4 Be7+ 45. Kb5 d3 46. a4 Kd4 47. a5
h6 48. a6 Bc5 49. b4 1-0

[Event "27.Bayer.Senioren-EM2015"]
[Site ""]
[Date "2015.06.15"]
[Round "8.28"]
[White "Babichev, Vyacheslav"]
[Black "Breuer, Herbert"]
[Result "1-0"]
[WhiteElo "1683"]
[BlackElo "1594"]
[PlyCount "89"]
[EventDate "2015.??.??"]
[WhiteTeam "SW Nürnberg Süd"]
[BlackTeam "SK Bad Aibling"]

1. Nf3 Nf6 2. b3 d6 3. Bb2 g6 4. e3 Bg7 5. Be2 Nbd7 6. d4 a6 7. Nbd2 O-O 8. O-O
b6 9. c3 Bb7 10. Qc2 c5 11. Rfe1 Rc8 12. Bd3 cxd4 13. exd4 Re8 14. Ne4 Nd5 15.
Qd2 Nf8 16. c4 Nf6 17. Nxf6+ exf6 18. Rxe8 Qxe8 19. Re1 Qd8 20. d5 Nd7 21. Bf1
Ne5 22. Nd4 Qd7 23. f4 Bh6 24. g3 b5 25. Qg2 bxc4 26. fxe5 dxe5 27. Nc6 Bf8 28.
bxc4 Bc5+ 29. Kh1 Rxc6 30. Qc2 Rc8 31. h3 Bd6 32. Kh2 Rc7 33. Qf2 Kg7 34. Qd2
Bc8 35. Bc1 Qf5 36. Qe2 h5 37. h4 g5 38. hxg5 fxg5 39. Bg2 h4 40. gxh4 e4+ 41.
Kh1 Qe5 42. Bb2 f6 43. Bxe5 Bxe5 44. hxg5 Kg6 45. Bxe4+ 1-0

[Event "27.Bayer.Senioren-EM2015"]
[Site ""]
[Date "2015.06.15"]
[Round "8.30"]
[White "Reichwald, Klaus"]
[Black "Graw, Rolf"]
[Result "1/2-1/2"]
[WhiteElo "1743"]
[BlackElo "1563"]
[PlyCount "105"]
[EventDate "2015.??.??"]
[WhiteTeam "SC Lohhof"]
[BlackTeam "VfR-SC Koblenz"]

1. e4 c6 2. d4 d5 3. Nc3 dxe4 4. Nxe4 Nd7 5. Nf3 Ngf6 6. Nxf6+ Nxf6 7. Be2 Bg4
8. O-O e6 9. c3 Be7 10. Ne5 Bxe2 11. Qxe2 O-O 12. Be3 Qc7 13. Rae1 Rae8 14. Bf4
Bd6 15. Bg3 Nd7 16. f4 c5 17. Kh1 Rc8 18. Nc4 Rce8 19. Nxd6 Qxd6 20. f5 Qc6 21.
Qf2 b6 22. Bh4 f6 23. fxe6 Rxe6 24. Rxe6 Qxe6 25. Re1 Qd5 26. b3 cxd4 27. cxd4
Rf7 28. Qe3 Nf8 29. Bf2 Rd7 30. Qc3 Rd8 31. Qc7 Qd7 32. Qc4+ Qd5 33. Re7 Qxc4
34. bxc4 Rd7 35. Re8 Kf7 36. Ra8 Ne6 37. h3 Kg6 38. c5 Nxd4 39. cxb6 axb6 40.
Rb8 Ne2 41. Bxb6 Nc3 42. a3 Rd6 43. Bc5 Ra6 44. Bb4 Nb1 45. Bf8 Nxa3 46. Rb7 h5
47. Rxg7+ Kf5 48. Rg3 Nc4 49. Rf3+ Kg6 50. Rc3 Ne5 51. Kh2 Kf5 52. Ra3 Rxa3 53.
Bxa3 1/2-1/2

[Event "27.Bayer.Senioren-EM2015"]
[Site ""]
[Date "2015.06.15"]
[Round "8.31"]
[White "Laber, Dietrich"]
[Black "Kolkwitz, Klaus"]
[Result "1/2-1/2"]
[WhiteElo "1561"]
[BlackElo "1670"]
[PlyCount "35"]
[EventDate "2015.??.??"]
[WhiteTeam "SF Steinsfurt"]
[BlackTeam "ESV Eberswalde"]

1. Nf3 Nf6 2. d4 d6 3. e3 g6 4. c3 Bg7 5. Bd3 O-O 6. Nbd2 b6 7. O-O Nbd7 8. e4
e5 9. Re1 Bb7 10. Nf1 Rc8 11. Ng3 h6 12. h3 c5 13. Be3 c4 14. Bc2 Kh7 15. Rc1
Rc7 16. Bb1 Qa8 17. Nd2 b5 18. f4 1/2-1/2

[Event "27.Bayer.Senioren-EM2015"]
[Site ""]
[Date "2015.06.15"]
[Round "8.32"]
[White "Otto, Klaus"]
[Black "Schoenfelder, Heinrich"]
[Result "1/2-1/2"]
[WhiteElo "1550"]
[BlackElo "1643"]
[PlyCount "61"]
[EventDate "2015.??.??"]
[WhiteTeam "SV Triebes"]
[BlackTeam "SC Tarrasch München"]

1. e4 c5 2. Nf3 Nc6 3. d4 cxd4 4. Nxd4 Nf6 5. Nc3 a6 6. Bc4 e6 7. a3 Be7 8. O-O
O-O 9. Nxc6 bxc6 10. Be3 d5 11. exd5 cxd5 12. Bb3 Bb7 13. Na4 Bc6 14. Bc5 Bxc5
15. Nxc5 Qb6 16. Nd3 Rfd8 17. Ne5 Bb5 18. Re1 Ne4 19. Qf3 f6 20. Ng4 f5 21. Ne3
Nd2 22. Qd1 Nxb3 23. cxb3 Be8 24. b4 Bf7 25. Rc1 Rac8 26. Qd2 Rxc1 27. Rxc1 d4
28. Nc4 Qb5 29. b3 h6 30. Qf4 g5 31. Qc7 1/2-1/2

[Event "27.Bayer.Senioren-EM2015"]
[Site ""]
[Date "2015.06.15"]
[Round "8.33"]
[White "Wraga, Teresa"]
[Black "Schuster, Herbert"]
[Result "0-1"]
[WhiteElo "1424"]
[BlackElo "1624"]
[PlyCount "106"]
[EventDate "2015.??.??"]
[WhiteTeam "SG Osnabrück"]
[BlackTeam "SK Landshut"]

1. e4 e5 2. Nc3 d6 3. g3 Nf6 4. h3 Nc6 5. Bg2 Be6 6. Nge2 Be7 7. O-O h6 8. d4
Bc4 9. Re1 O-O 10. Be3 Nh7 11. f4 Bf6 12. fxe5 dxe5 13. dxe5 Bxe5 14. Bf2 Nf6
15. Nf4 Qxd1 16. Rexd1 Rfd8 17. Nd3 Bxd3 18. Rxd3 Nb4 19. Rxd8+ Rxd8 20. Rd1
Rxd1+ 21. Nxd1 Nxc2 22. Nc3 a6 23. Nd5 Nxd5 24. exd5 b6 25. b3 Kf8 26. Be4 Nd4
27. Kg2 Ke7 28. Bxd4 Bxd4 29. g4 Kd6 30. Kg3 Ke5 31. Bf3 f5 32. gxf5 Kxf5 33.
a4 a5 34. Bg4+ Ke5 35. Bf3 Be3 36. Kg4 Kd4 37. Kf5 Kc3 38. d6 cxd6 39. Bd5 Bd4
40. Ke6 Be5 41. Kd7 Kb4 42. Kc6 g5 43. Kxb6 Bd4+ 44. Kc6 Bc5 45. Bf3 Kxb3 46.
Bd1+ Kc4 47. Bf3 Kd4 48. Kb5 Bb4 49. Kc6 Ke3 50. Bd5 Kf4 51. Kb5 h5 52. Kc4 g4
53. hxg4 hxg4 0-1

[Event "27.Bayer.Senioren-EM2015"]
[Site ""]
[Date "2015.06.15"]
[Round "8.34"]
[White "Lubberich, Alfred"]
[Black "Peiberg, Ehrhard"]
[Result "1/2-1/2"]
[WhiteElo "1616"]
[BlackElo "1469"]
[PlyCount "30"]
[EventDate "2015.??.??"]
[WhiteTeam "SG Nettetal"]
[BlackTeam "SC Erlangen"]

1. Nf3 d5 2. b3 Nf6 3. Bb2 e6 4. e3 Be7 5. c4 c6 6. Be2 O-O 7. O-O b6 8. cxd5
exd5 9. Nc3 Re8 10. Rc1 Bb7 11. d4 Bd6 12. Re1 Nbd7 13. Bd3 Ne4 14. h3 Ndf6 15.
Bb1 h6 1/2-1/2

[Event "27.Bayer.Senioren-EM2015"]
[Site ""]
[Date "2015.06.15"]
[Round "8.35"]
[White "Schiessl, Hanns"]
[Black "Flockerzi, Armin"]
[Result "0-1"]
[WhiteElo "1423"]
[BlackElo "1605"]
[PlyCount "70"]
[EventDate "2015.??.??"]
[WhiteTeam "FVS ASP Hoyerswerda"]
[BlackTeam "VfR-SC Koblenz"]

1. e4 d6 2. d4 Nf6 3. Bd3 g6 4. Nf3 Bg7 5. c4 c6 6. Nc3 Qc7 7. h3 O-O 8. Bf4
Qb6 9. Rb1 Re8 10. O-O Nfd7 11. e5 dxe5 12. Nxe5 Qxd4 13. Nxd7 Qxf4 14. Ne2 Qd6
15. Nxb8 Rxb8 16. Qc2 b6 17. Be4 c5 18. Rfd1 Qc7 19. Qa4 Rf8 20. Rd3 e5 21. Nc3
a6 22. Nd5 Qa7 23. Rbd1 f5 24. Nb4 cxb4 25. Bc6 Qc7 26. Rd6 Bf6 27. Qb3 Kh8 28.
Bd7 a5 29. Qd3 Rf7 30. Be8 Rf8 31. Rc6 Qe7 32. Bd7 Bxd7 33. Qxd7 Rbd8 34. Rc7
Rxd7 35. Rdxd7 Qxd7 0-1

[Event "27.Bayer.Senioren-EM2015"]
[Site ""]
[Date "2015.06.15"]
[Round "8.36"]
[White "Lueders, Guenter"]
[Black "Schallock, Helmut"]
[Result "1-0"]
[WhiteElo "1603"]
[BlackElo "1352"]
[PlyCount "73"]
[EventDate "2015.??.??"]
[WhiteTeam "TSV Benshausen"]
[BlackTeam "SC Noris-Tarrasch Nürnberg"]

1. d4 d5 2. Nf3 Nf6 3. Bf4 e6 4. Nbd2 Bd6 5. Bxd6 Qxd6 6. a3 c5 7. c3 Nc6 8. e3
O-O 9. Rc1 c4 10. Qc2 b5 11. Be2 e5 12. dxe5 Nxe5 13. Nxe5 Qxe5 14. Nf3 Qe8 15.
h3 h6 16. O-O Ne4 17. Nd4 f5 18. Rcd1 Rf6 19. Bf3 Rb8 20. Ne2 Bb7 21. Rd4 Rd8
22. Rfd1 Rfd6 23. g3 g6 24. Ra1 Bc6 25. Qd1 g5 26. Qf1 Rg6 27. Rad1 Rgd6 28. g4
Qe5 29. gxf5 Qxf5 30. Bxe4 Qxe4 31. Rxe4 dxe4 32. Rxd6 Rxd6 33. Nd4 Bd7 34. Qg2
a6 35. Qxe4 g4 36. hxg4 Bxg4 37. Qe8+ 1-0

[Event "27.Bayer.Senioren-EM2015"]
[Site ""]
[Date "2015.06.15"]
[Round "8.37"]
[White "Kunte, Herbert"]
[Black "Schiessl, Werner"]
[Result "1/2-1/2"]
[WhiteElo "1594"]
[BlackElo "1388"]
[PlyCount "120"]
[EventDate "2015.??.??"]
[WhiteTeam "SK Siemens München"]
[BlackTeam "FVS ASP Hoyerswerda"]

1. d4 d6 2. c4 Nf6 3. Nc3 c6 4. e4 Qa5 5. Bd2 Qb6 6. Nge2 Nbd7 7. Qc2 e5 8.
dxe5 Nxe5 9. Be3 Qa5 10. Ng3 g6 11. h3 h5 12. Be2 Be6 13. b3 h4 14. Nf1 Nxe4
15. Bd2 Nxd2 16. Qxd2 Bh6 17. Ne3 Bg7 18. Rc1 Rd8 19. O-O Bh6 20. f4 Qc7 21.
Qd4 c5 22. Qe4 f5 23. Qc2 a6 24. Ncd5 Bxd5 25. Nxd5 Qg7 26. Rce1 Nc6 27. Bd3+
Kf8 28. Kh1 Qd4 29. Nc7 Kf7 30. Ne6 Qf6 31. Nxd8+ Rxd8 32. Qd2 d5 33. cxd5 Qd4
34. Qe3 Qxe3 35. Rxe3 Nb4 36. a3 Nxd5 37. Bc4 b5 38. Rd3 bxc4 39. bxc4 Ne3 40.
Rxe3 Rd4 41. Rb3 Bxf4 42. Rb6 Rxc4 43. Rxa6 Rd4 44. Rb1 Rd7 45. Rc6 Be3 46. a4
Ra7 47. a5 Kg7 48. a6 Kh6 49. Rb7 Ra8 50. a7 c4 51. Rxc4 Rxa7 52. Rxa7 Bxa7 53.
Kh2 Bb8+ 54. Kg1 Bg3 55. Kf1 Kg5 56. Ke2 Kf6 57. Rc5 g5 58. Kf3 Bh2 59. Rc6+
Ke5 60. Rg6 Bf4 1/2-1/2

[Event "27.Bayer.Senioren-EM2015"]
[Site ""]
[Date "2015.06.15"]
[Round "8.38"]
[White "Rosmann, Armin"]
[Black "Hermann, Josef"]
[Result "1/2-1/2"]
[WhiteElo "1403"]
[BlackElo "1645"]
[PlyCount "62"]
[EventDate "2015.??.??"]
[WhiteTeam "TSV Ebermannstadt"]
[BlackTeam "TSV Trostberg"]

1. e4 e6 2. Nf3 Nc6 3. d4 d5 4. exd5 exd5 5. Be2 Bd6 6. Nc3 Nge7 7. O-O O-O 8.
Nb5 Bb4 9. Bf4 Ba5 10. c3 a6 11. Na3 Ng6 12. Bg3 Nce7 13. Ne5 Nxe5 14. Bxe5 Ng6
15. Bg3 c6 16. Nc2 Bc7 17. f4 f5 18. Qd3 Qd6 19. Bh5 b6 20. Kh1 a5 21. c4 Ba6
22. b3 Qd7 23. Bxg6 hxg6 24. Qc3 Qf7 25. Ne3 Rfe8 26. Rf2 Re4 27. cxd5 Rae8 28.
Nc4 Bb5 29. Qf3 cxd5 30. Ne5 Qe6 31. Rc1 Bd6 1/2-1/2

[Event "27.Bayer.Senioren-EM2015"]
[Site ""]
[Date "2015.06.15"]
[Round "8.39"]
[White "Ewald, Frithjof"]
[Black "Kammel, Rudolf"]
[Result "0-1"]
[WhiteElo "1319"]
[BlackElo "1582"]
[PlyCount "114"]
[EventDate "2015.??.??"]
[WhiteTeam "ASV J'Adoube Grassau"]
[BlackTeam "SC Bavaria Regensb."]

1. d4 d5 2. c4 e6 3. Nf3 Nf6 4. Bg5 Be7 5. Nc3 O-O 6. e3 Nbd7 7. b3 a6 8. Bd3
c5 9. O-O h6 10. Bh4 b6 11. cxd5 Nxd5 12. Bxe7 Qxe7 13. Nxd5 exd5 14. Re1 Qd6
15. Bf5 Nf6 16. Bxc8 Raxc8 17. Ne5 Nd7 18. Nxd7 Qxd7 19. Rc1 Rc7 20. Re2 Rfc8
21. Rec2 Qf5 22. Qe2 c4 23. e4 dxe4 24. bxc4 Rd8 25. Qe3 Rdc8 26. Qe2 Qe6 27.
d5 Qe7 28. Qd2 Rc5 29. Qe2 Re8 30. Rc3 Qe5 31. Re3 Qxd5 32. f3 Qd4 33. Kf1 f5
34. fxe4 fxe4 35. Rd1 Rf8+ 36. Kg1 Qxc4 37. Rxe4 Qxe2 38. Rxe2 Rc7 39. Re6 Rb7
40. h3 Rf6 41. Rxf6 gxf6 42. Rd6 Kf7 43. a4 h5 44. a5 bxa5 45. Rxa6 Rb5 46. Kf2
Re5 47. g4 hxg4 48. hxg4 Kg6 49. Kf3 Rb5 50. Kg3 Kg5 51. Ra8 Rb3+ 52. Kf2 Kxg4
53. Rxa5 f5 54. Ra4+ f4 55. Re4 Rb2+ 56. Re2 Rxe2+ 57. Kxe2 Kg3 0-1